000 00880nas a2200289 4500
001 BR0706156
003 BR-BrBNA
005 20231205111320.0
007 ta
008 230509b bl.|||p| |||| 00| 00por d
040 _aBR-BrBNA
_bpor
_cBiblioteca Nacional de Agricultura
041 _a(Pt)
072 _aH10
100 1 _aMoraes, J.C. de
100 1 _aVilela, E.F.
245 1 _aAntixenose ao pulgão Mysus persicae (Sulzer), em clones da batateira silvestre Solanum berthaultii, portadores de tricomas grandulares
650 _aBATATA
650 _aINSETO
650 _aPULGÃO
650 _aGENÓTIPO
650 _aCLONE
650 _aVETOR
650 _aVIÇOSA
773 0 _tAnais da Sociedade Entomológica do Brasil (Brazil)
_xISSN 0301-8059
_g(1995), v. 24(3) p. 613-618
_wBR0706156
909 _a202311
_bLúcia
_c55
_dLúcia Elande
942 _2AGRIS
_n0
_cANA
999 _c192007
_d192007